Hungary Country Quiz - Statistics

General Stats
  • This quiz has been taken 1,775 times
    893 since last reset
  • The average score is 21 of 33
Answer Stats
Hint Answer % Correct
General Main river/ Longest in the EU Danube
97%
General Capital and most populous city Budapest
96%
General Romanian region, home of the Dracula and 1.5 M Hungarians Transylvania
91%
Trivia Most famous stew/soup Goulash
88%
General Currency (named after Florence) Forint
84%
General Endonym for Hungarians Magyars
83%
History Many believe Magyars are related to this people led by Attila (There's no scientific evidence) Huns
82%
Trivia Colorful 3-D combination puzzle Rubik's Cube
82%
General Largest lake in Central Europe Lake Balaton
81%
General Mountain range surrounding Hungary Carpathians
78%
History Invaders Soviets
78%
History Invaders Ottomans
74%
History Invaders Germans
72%
Trivia Legendary football player Ferenc Puskás
70%
Trivia No.1 Nation at this sport at the Olympics Water Polo / Pentathlon
68%
History Invaders Habsburgs
67%
History Name the first King (crowned in 1000) or his nation-founder Dynasty that ruled for 400 years Saint Stephen of the Árpáds
66%
Trivia Hungarian Rhapsody composer Franz Liszt
64%
General Longest river Tisza / Tisa
64%
History Though they are at least linguistically related to these peoples Uralic peoples
64%
Trivia Illusionist, escape artist Harry Houdini
58%
Trivia Essential micronutrient discovered by Albert Szent-Györgyi Vitamin C
57%
History Invaders of the country Mongols
53%
Trivia Dog breed with dreadlocks Puli / Komondor
51%
History Medieval four-wheeled carriage, that originates from the Hungarian post town: Kocs Coach
49%
History Economic phenomenon. After WWII, Hungarian currency suffered the worst value erosion ever Hyperinflation
43%
History Great elected King & Conqueror, who imprisoned Vlad the Impaler Matthias Corvinus
43%
General Hungary's nickname/ Roman province Pannonia
39%
History Hungarian-style light cavalry soldier (Originally in the Black Army of the above) Hussar
33%
Trivia Manhattan Project scientist von Neumann / Teller / Szilard
32%
History Autocrat who brought an end to the Third Republic after the Global Financial Crisis Viktor Orbán
31%
Trivia 3-D images invented by Dennis Gabor (frequently seen in sci-fis) Holograms
30%
Trivia Boldest war photographer Robert Capa
16%
No matching quizzes found
Score Distribution
Percent of People with Each Score
Percentile by Number Answered
Your Score History
You have not taken this quiz since the last reset